书目信息 |
| 题名: |
PageMaker 7.0 应用实例教程
|
|
| 作者: | 陈志豪 编著 | |
| 分册: | ||
| 出版信息: | 北京 冶金工业出版社 2006.04 |
|
| 页数: | 286页 | |
| 开本: | 26cm | |
| 丛书名: | ||
| 单 册: | ||
| 中图分类: | TS803.23 | |
| 科图分类: | ||
| 主题词: | 印刷工业 , 印刷 | |
| 电子资源: | ||
| ISBN: | 7-5024-3934-X | |
| 000 | 00636nam0 2200205 450 | |
| 001 | 0834144929 | |
| 005 | 20080303093040.98 | |
| 010 | @a7-5024-3934-X@dCNY28.00 | |
| 100 | @a20080303d2006 km y0chiy0120 ea | |
| 101 | 0 | @achi |
| 102 | @aCN@b110000 | |
| 200 | 1 | @aPageMaker 7.0 应用实例教程@APageMaker 7.0 ying yong shi li jiao cheng@f陈志豪等编著@Fchen zhi hao deng bian zhu |
| 210 | @a北京@c冶金工业出版社@d2006.04 | |
| 215 | @a286页@d26cm | |
| 606 | 0 | @a印刷工业 |
| 606 | 0 | @a印刷 |
| 690 | @aTS803.23@v4 | |
| 701 | 0 | @a陈志豪@Achen zhi hao@4编著 |
| 801 | 0 | @aCN@b大连网信软件有限公司图书馆·11@c20080303 |
| 905 | @aZUCC@dTS803.23@eC650 | |
| PageMaker 7.0 应用实例教程/陈志豪等编著.-北京:冶金工业出版社,2006.04 |
| 286页;26cm |
| ISBN 7-5024-3934-X:CNY28.00 |
| ● |
| 相关链接 |
|
|
|
正题名:PageMaker 7.0 应用实例教程
索取号:TS803.23/C650
 
预约/预借
| 序号 | 登录号 | 条形码 | 馆藏地/架位号 | 状态 | 备注 |
| 1 | 479042 | 204790422 | 期刊室512/ [索取号:TS803.23/C650] | 在馆 |